Tactical pilotage chart, TPC. L-26C, Brazil, Colombia, Eduador.

Bibliographic Details
Corporate Author: United States. National Imagery and Mapping Agency
Format: Government Document Map
Language:English
Published: [St. Louis, Mo.] : The Agency ; [1997]
Edition:Ed. 3.
Subjects:

MARC

Tag First Indicator Second Indicator Subfields
LEADER 00000cem a2200000 a 4500
001 in00001345839
005 20151006061311.0
007 aj canzn
008 970321s1997 mouabcgcc a f 0 eng d
010 |a gp 97059975  
034 1 |a a  |b 500000  |d W0760000  |e W0700000  |f N0040000  |g N0000000 
035 |a (OCoLC)36592221 
035 |9 AHG3469AM 
037 |a NSN 7641-01-410-3007  |b DOD 
037 |a TPCXXL 26 C  |b NIMA 
040 |a GPO  |c GPO  |d DLC  |d MvI  |d UtOrBLW 
052 |a 5401 
052 |a 5291 
052 |a 5301 
086 0 |a D 5.354:TPC L-26 C/997 
110 1 |a United States.  |b National Imagery and Mapping Agency. 
245 1 0 |a Tactical pilotage chart, TPC.  |n L-26C,  |p Brazil, Colombia, Eduador. 
246 3 0 |a Brazil, Colombia, Eduador 
246 2 |a TPC, Brazil, Colombia, Eduador 
250 |a Ed. 3. 
255 |a Scale 1:500,000 ;  |b Lambert conformal conic proj., standard parallels 1⁰20ʹ and 6⁰40ʹ (W 76⁰--W 70⁰/N 4⁰--N 0⁰). 
264 1 |a [St. Louis, Mo.] :  |b The Agency ;  |c [1997] 
264 2 |a Riverdale, MD :  |b NOAA Distribution Branch (N/ACC3), National Ocean Service [distributor], 
300 |a 1 map :  |b color ;  |c 94 x 136 cm., on sheet 106 x 146 cm., folded to 27 x 37 cm. 
336 |a cartographic image  |b cri  |2 rdacontent 
337 |a unmediated  |b n  |2 rdamedia 
338 |a sheet  |b nb  |2 rdacarrier 
500 |a Relief shown by contours, shading, tints, and spot heights. 
500 |a "Air information current through 28 June 1996." 
500 |a "Compiled March 1996." 
500 |a "Printed by NIMA 2-97." 
500 |a "Copyright 1997 by the United States Government. No copyright claimed under Title 17 U.S.C." 
500 |a Includes elevation tints and interchart relationship diagrams. 
500 |a Cartographic material. 
650 0 |a Aeronautical charts  |z Brazil. 
650 0 |a Aeronautical charts  |z Colombia. 
650 0 |a Aeronautical charts  |z Ecuador. 
999 |a MARS 
999 f f |s 773c0993-6360-3c1b-b3ae-3dfbeeba834e  |i 2b030de8-1c0c-335b-abee-7a7fd42da350  |t 0 
952 f f |p normal  |a Texas A&M University  |b College Station  |c Sterling C. Evans Library  |d Evans: Maps (2nd floor)  |t 0  |h No information provided  |i unmediated -- sheet 
998 f f |t 0  |l Evans: Maps (2nd floor)